Stratégia musí byť srdcom aliancie

Vytváranie "strategických aliancií". Stratégia aliancie. Vnútorná logika. Dynamický prístup. Aliančné portfóliá. Vnútorná podpora. Význam aliančnej stratégie. Potreba spôsobu riadenia zmeny.

Gespeichert in:
Bibliographische Detailangaben
1. Verfasser: Gomes-Casseres, Benjamin
Format: Buchkapitel
Sprache:Slowakisch
Schlagworte:
Tags: Tag hinzufügen
Keine Tags, Fügen Sie das erste Tag hinzu!

MARC

LEADER 00000naa a2200000 4500
001 r042439
005 20230921111518.7
041 0 |a slo 
044 |a SK 
245 1 0 |a Stratégia musí byť srdcom aliancie  |c Benjamin Gomes-Casseres 
520 |a Vytváranie "strategických aliancií". Stratégia aliancie. Vnútorná logika. Dynamický prístup. Aliančné portfóliá. Vnútorná podpora. Význam aliančnej stratégie. Potreba spôsobu riadenia zmeny. 
610 2 0 |a aliancie strategické 
610 2 0 |a stratégia podniková 
610 2 0 |a stratégia obchodná 
610 2 0 |a portfólio 
610 2 0 |a riadenie 
610 2 0 |a riadenie zmien 
610 2 0 |a koordinácia 
610 2 0 |a manažéri 
100 1 |a Gomes-Casseres, Benjamin